000 00353nam a22001217a 4500
999 _c1826
_d1826
005 20200903160804.0
008 200903b ||||| |||| 00| 0 eng d
020 _a058264450x
040 _cCML
245 _aPersonnel Management Africa.
_cBlunt, P. & Popoola, O.
260 _aLondon
_bLongman
_c1985
942 _2ddc
_cBK
_h658.30090
_mBLU